[Event "DSJ Weihnachtsturnier U20 2020"]
[Site "https://play.chessbase.com/en/play?room=DSJWeihnachtU20"]
[Date "2020.12.29"]
[Round "7"]
[White "Witek, Jarne"]
[Black "Rempe, Mieke"]
[Result "1-0"]
[Termination "normal"]
[Board "18.3"]
[WhiteElo "1393"]
[BlackElo "1669"]
[WhiteTeam "Think Rochade - SC HRO"]
[BlackTeam "SK Doppelbauer Kiel"]
[PlyCount "41"]
[WhiteFideId "16247647"]
[BlackFideId "16202384"]
[EventRounds "7"]
[EventType "team-swiss"]
[EventDate "2020.12.29"]

1. Nf3 {[%emt 0:00:08]} d5 {[%emt 0:00:06]} 2. d4 {[%emt 0:00:12]} e6 {[%emt
0:00:04]} 3. e3 {[%emt 0:00:07]} Nf6 {[%emt 0:00:03]} 4. b3 {[%emt 0:00:15]}
Nbd7 {[%emt 0:00:04]} 5. Bb2 {[%emt 0:00:01]} Bd6 {[%emt 0:00:21]} 6. Bd3
{[%emt 0:00:03]} O-O {[%emt 0:00:03]} 7. O-O {[%emt 0:00:07]} Re8 {[%emt
0:00:03]} 8. Ne5 {[%emt 0:00:02]} c5 {[%emt 0:00:26]} 9. Nd2 {[%emt 0:00:04]}
Bc7 {[%emt 0:00:54]} 10. f4 {[%emt 0:00:06]} Nxe5 {[%emt 0:01:28]} 11. dxe5
{[%emt 0:00:02]} Nd7 {[%emt 0:00:23]} 12. Qh5 {[%emt 0:00:12]} Nf8 {[%emt
0:00:49]} 13. Rf3 { [%emt 0:00:09]} Ng6 {[%emt 0:01:09]} 14. Rh3 {[%emt
0:00:13]} h6 {[%emt 0:02:44]} 15. Bxg6 {[%emt 0:00:05]} fxg6 {[%emt 0:00:04]}
16. Qxg6 {[%emt 0:00:01]} Re7 {[%emt 0:01:11]} 17. Rxh6 {[%emt 0:00:10]} Qd7
{[%emt 0:00:35]} 18. Nf3 { [%emt 0:00:48]} d4 {[%emt 0:00:08]} 19. Ng5 {[%emt
0:00:16]} dxe3 {[%emt 0:00:03]} 20. Qh7+ {[%emt 0:00:03]} Kf8 {[%emt 0:00:02]}
21. Qh8# {[%emt 0:00:02]} 1-0

[Event "DSJ Weihnachtsturnier U20 2020"]
[Site "https://play.chessbase.com/en/play?room=DSJWeihnachtU20"]
[Date "2020.12.29"]
[Round "7"]
[White "Malinowsky, Celina"]
[Black "Peilert, Maximilian"]
[Result "1-0"]
[Termination "normal"]
[Board "18.4"]
[WhiteElo "1372"]
[BlackElo "1068"]
[WhiteTeam "SK Doppelbauer Kiel"]
[BlackTeam "Think Rochade - SC HRO"]
[PlyCount "63"]
[WhiteFideId "16266986"]
[BlackFideId "34686312"]
[EventRounds "7"]
[EventType "team-swiss"]
[EventDate "2020.12.29"]

1. e4 {[%emt 0:00:04]} e5 {[%emt 0:02:32]} 2. Nf3 {[%emt 0:00:03]} Nc6 { [%emt
0:00:03]} 3. Bc4 {[%emt 0:00:12]} Bc5 {[%emt 0:00:13]} 4. c3 {[%emt 0:00:02]}
Nf6 {[%emt 0:00:05]} 5. d3 {[%emt 0:00:01]} h6 {[%emt 0:00:03]} 6. O-O { [%emt
0:00:02]} d6 {[%emt 0:00:03]} 7. Nbd2 {[%emt 0:00:01]} Bg4 {[%emt 0:00:04]} 8.
Re1 {[%emt 0:00:02]} Qd7 {[%emt 0:00:03]} 9. Qb3 {[%emt 0:00:05]} Na5 { [%emt
0:00:15]} 10. Qd1 {[%emt 0:00:03]} Nxc4 {[%emt 0:00:03]} 11. Nxc4 { [%emt
0:00:02]} a6 {[%emt 0:00:03]} 12. h3 {[%emt 0:00:01]} Bh5 {[%emt 0:00:03] } 13.
Be3 {[%emt 0:00:02]} Bb6 {[%emt 0:00:05]} 14. Bxb6 {[%emt 0:00:02]} cxb6 {[%emt
0:00:03]} 15. Nxb6 {[%emt 0:00:07]} Qb5 {[%emt 0:00:18]} 16. Nxa8 { [%emt
0:00:03]} Qc6 {[%emt 0:00:12]} 17. Qb3 {[%emt 0:00:07]} Bxf3 {[%emt 0:00:05]}
18. gxf3 {[%emt 0:00:02]} Nh5 {[%emt 0:00:09]} 19. Kh2 {[%emt 0:00:07]} Nf4
{[%emt 0:00:16]} 20. Rad1 {[%emt 0:00:08]} O-O {[%emt 0:00:06]} 21. Nb6 { [%emt
0:00:02]} Re8 {[%emt 0:00:17]} 22. Rg1 {[%emt 0:00:06]} Re6 {[%emt 0:00:08]}
23. Nd5 {[%emt 0:00:04]} Qd7 {[%emt 0:00:09]} 24. d4 {[%emt 0:00:21]} Rg6
{[%emt 0:00:06]} 25. Rxg6 {[%emt 0:00:03]} Qxh3+ {[%emt 0:00:04]} 26. Kg1 {
[%emt 0:00:04]} fxg6 {[%emt 0:00:04]} 27. Nxf4+ {[%emt 0:00:03]} Kh7 {[%emt
0:00:18]} 28. Nxh3 {[%emt 0:00:03]} g5 {[%emt 0:00:01]} 29. dxe5 {[%emt
0:00:02]} dxe5 {[%emt 0:00:03]} 30. Rd7 {[%emt 0:00:01]} Kg6 {[%emt 0:00:02]}
31. Qf7+ { [%emt 0:00:01]} Kh7 {[%emt 0:00:02]} 32. Qxg7# {[%emt 0:00:01]} 1-0

[Event "DSJ Weihnachtsturnier U20 2020"]
[Site "https://play.chessbase.com/en/play?room=DSJWeihnachtU20"]
[Date "2020.12.29"]
[Round "7"]
[White "Denz, Johannes"]
[Black "Schön, Florian"]
[Result "1-0"]
[Termination "normal"]
[Board "19.1"]
[WhiteElo "1402"]
[BlackElo "1642"]
[WhiteTeam "SC Windischeschenbach"]
[BlackTeam "VfB Schach Leipzig"]
[PlyCount "87"]
[WhiteFideId "34627324"]
[BlackFideId "16259394"]
[EventRounds "7"]
[EventType "team-swiss"]
[EventDate "2020.12.29"]

1. e4 {[%emt 0:00:34]} e5 {[%emt 0:00:04]} 2. Nf3 {[%emt 0:00:01]} Nc6 { [%emt
0:00:03]} 3. Bb5 {[%emt 0:00:01]} Bc5 {[%emt 0:00:03]} 4. Nxe5 {[%emt 0:00:05]}
Nxe5 {[%emt 0:00:11]} 5. d4 {[%emt 0:00:02]} Bd6 {[%emt 0:00:01]} 6. dxe5
{[%emt 0:00:02]} Bxe5 {[%emt 0:00:02]} 7. f4 {[%emt 0:00:01]} Bd6 { [%emt
0:00:12]} 8. O-O {[%emt 0:00:18]} c6 {[%emt 0:00:05]} 9. Bc4 {[%emt 0:00:07]}
Bc7 {[%emt 0:00:07]} 10. Nc3 {[%emt 0:00:10]} Ne7 {[%emt 0:00:03]} 11. b3
{[%emt 0:00:10]} O-O {[%emt 0:00:03]} 12. Bb2 {[%emt 0:00:02]} b5 {[%emt
0:00:07]} 13. Bd3 {[%emt 0:00:02]} Bb6+ {[%emt 0:00:07]} 14. Kh1 {[%emt
0:00:02]} d5 {[%emt 0:00:06]} 15. e5 {[%emt 0:00:04]} Bf5 {[%emt 0:00:06]} 16.
a4 {[%emt 0:00:14]} a6 {[%emt 0:00:04]} 17. axb5 {[%emt 0:00:03]} axb5 {[%emt
0:00:03]} 18. Bxf5 {[%emt 0:00:03]} Nxf5 {[%emt 0:00:02]} 19. Qd3 {[%emt
0:00:01]} g6 { [%emt 0:00:15]} 20. g4 {[%emt 0:00:15]} Ng7 {[%emt 0:01:25]} 21.
Rxa8 {[%emt 0:00:07]} Qxa8 {[%emt 0:00:03]} 22. f5 {[%emt 0:00:00]} Qc8 {[%emt
0:01:01]} 23. f6 {[%emt 0:00:17]} Ne6 {[%emt 0:00:10]} 24. Qh3 {[%emt 0:00:18]}
Qd7 {[%emt 0:00:39]} 25. Qh6 {[%emt 0:00:04]} Ra8 {[%emt 0:00:07]} 26. Ne2
{[%emt 0:00:14]} Qe8 {[%emt 0:00:05]} 27. Nf4 {[%emt 0:00:04]} Qf8 {[%emt
0:00:10]} 28. Qh4 { [%emt 0:00:36]} Nxf4 {[%emt 0:00:26]} 29. Rxf4 {[%emt
0:00:00]} Be3 {[%emt 0:00:03]} 30. Rf3 {[%emt 0:00:08]} d4 {[%emt 0:00:22]} 31.
e6 {[%emt 0:00:10]} Qh6 {[%emt 0:00:23]} 32. Qxh6 {[%emt 0:00:08]} Bxh6 {[%emt
0:00:02]} 33. e7 { [%emt 0:00:01]} c5 {[%emt 0:00:04]} 34. h4 {[%emt 0:00:05]}
Be3 {[%emt 0:00:02] } 35. Rf1 {[%emt 0:00:11]} g5 {[%emt 0:00:20]} 36. Ra1
{[%emt 0:00:17]} Re8 { [%emt 0:00:16]} 37. c3 {[%emt 0:00:28]} gxh4 {[%emt
0:00:05]} 38. cxd4 { [%emt 0:00:02]} cxd4 {[%emt 0:00:04]} 39. Rd1 {[%emt
0:00:01]} Bg5 {[%emt 0:00:02]} 40. Bxd4 {[%emt 0:00:02]} h6 {[%emt 0:00:05]}
41. Bb2 {[%emt 0:00:02]} Kh7 {[%emt 0:00:41]} 42. Rd8 {[%emt 0:00:04]} Bxf6
{[%emt 0:00:08]} 43. Rxe8 { [%emt 0:00:02]} Bxe7 {[%emt 0:00:08]} 44. Rxe7
{[%emt 0:00:02]} 1-0

[Event "DSJ Weihnachtsturnier U20 2020"]
[Site "https://play.chessbase.com/en/play?room=DSJWeihnachtU20"]
[Date "2020.12.29"]
[Round "7"]
[White "Englert, Luca"]
[Black "Müller, Milo"]
[Result "1-0"]
[Termination "normal"]
[Board "19.2"]
[WhiteElo "1563"]
[BlackElo "1232"]
[WhiteTeam "VfB Schach Leipzig"]
[BlackTeam "SC Windischeschenbach"]
[PlyCount "79"]
[WhiteFideId "16293088"]
[BlackFideId "16265700"]
[EventRounds "7"]
[EventType "team-swiss"]
[EventDate "2020.12.29"]

1. e4 {[%emt 0:00:04]} c5 {[%emt 0:00:02]} 2. Nc3 {[%emt 0:00:01]} g6 {[%emt
0:00:07]} 3. f4 {[%emt 0:00:02]} Bg7 {[%emt 0:00:11]} 4. Nf3 {[%emt 0:00:02]}
a6 {[%emt 0:00:10]} 5. g3 {[%emt 0:00:03]} e6 {[%emt 0:00:02]} 6. Bg2 {[%emt
0:00:03]} Nc6 {[%emt 0:00:24]} 7. O-O {[%emt 0:00:04]} Nge7 {[%emt 0:00:05]} 8.
d3 { [%emt 0:00:03]} d5 {[%emt 0:00:02]} 9. exd5 {[%emt 0:00:06]} exd5 {[%emt
0:00:02]} 10. Re1 {[%emt 0:00:04]} O-O {[%emt 0:00:03]} 11. Ne5 {[%emt
0:00:10]} Nxe5 {[%emt 0:00:15]} 12. fxe5 {[%emt 0:00:00]} Nc6 {[%emt 0:00:15]}
13. Bxd5 { [%emt 0:00:10]} Nxe5 {[%emt 0:00:08]} 14. Rf1 {[%emt 0:00:12]} Bh3
{[%emt 0:00:23]} 15. Bxb7 {[%emt 0:00:04]} Bxf1 {[%emt 0:00:53]} 16. Bxa8
{[%emt 0:00:03]} Qxa8 {[%emt 0:00:02]} 17. Qxf1 {[%emt 0:00:03]} Nf3+ {[%emt
0:00:03]} 18. Kf2 { [%emt 0:00:09]} Bd4+ {[%emt 0:00:03]} 19. Be3 {[%emt
0:00:02]} Nxh2 {[%emt 0:00:55]} 20. Qe2 {[%emt 0:00:21]} Bxe3+ {[%emt 0:00:11]}
21. Kxe3 {[%emt 0:00:09]} Re8+ {[%emt 0:00:01]} 22. Ne4 {[%emt 0:00:02]} f5
{[%emt 0:00:26]} 23. Qxh2 {[%emt 0:00:05]} fxe4 {[%emt 0:00:04]} 24. Qf2 {[%emt
0:00:22]} exd3+ { [%emt 0:00:07]} 25. Kxd3 {[%emt 0:00:00]} Qd5+ {[%emt
0:00:09]} 26. Kc3 { [%emt 0:00:09]} Re2 {[%emt 0:00:36]} 27. Qf4 {[%emt
0:00:31]} Qd4+ {[%emt 0:01:19]} 28. Qxd4 {[%emt 0:00:05]} cxd4+ {[%emt
0:00:01]} 29. Kd3 {[%emt 0:00:08]} Rg2 {[%emt 0:00:04]} 30. b4 {[%emt 0:00:05]}
Rxg3+ {[%emt 0:00:10]} 31. Kxd4 { [%emt 0:00:01]} Kf7 {[%emt 0:00:07]} 32. c4
{[%emt 0:00:03]} Ke7 {[%emt 0:00:04]} 33. a4 {[%emt 0:00:01]} Kd7 {[%emt
0:00:03]} 34. Rf1 {[%emt 0:00:05]} Rg4+ {[%emt 0:00:02]} 35. Kc5 {[%emt
0:00:04]} Rg5+ {[%emt 0:00:09]} 36. Kb6 { [%emt 0:00:03]} h5 {[%emt 0:00:03]}
37. c5 {[%emt 0:00:03]} Rf5 {[%emt 0:00:05] } 38. c6+ {[%emt 0:00:03]} Kc8
{[%emt 0:00:02]} 39. Re1 {[%emt 0:00:03]} h4 { [%emt 0:00:02]} 40. Re8# {[%emt
0:00:03]} 1-0

[Event "DSJ Weihnachtsturnier U20 2020"]
[Site "https://play.chessbase.com/en/play?room=DSJWeihnachtU20"]
[Date "2020.12.29"]
[Round "7"]
[White "Lamm, Simon"]
[Black "Vecera, Fabio"]
[Result "0-1"]
[Termination "normal"]
[Board "19.3"]
[WhiteElo "1569"]
[BlackElo "1527"]
[WhiteTeam "SC Windischeschenbach"]
[BlackTeam "VfB Schach Leipzig"]
[PlyCount "38"]
[WhiteFideId "16203003"]
[BlackFideId "16281705"]
[EventRounds "7"]
[EventType "team-swiss"]
[EventDate "2020.12.29"]

1. e4 {[%emt 0:00:01]} Nf6 {[%emt 0:00:09]} 2. e5 {[%emt 0:00:06]} Nd5 { [%emt
0:00:03]} 3. c4 {[%emt 0:00:28]} Nb6 {[%emt 0:00:08]} 4. d4 {[%emt 0:00:17]} d6
{[%emt 0:00:05]} 5. exd6 {[%emt 0:00:35]} cxd6 {[%emt 0:00:00]} 6. Nc3 {[%emt
0:00:11]} g6 {[%emt 0:00:10]} 7. Nf3 {[%emt 0:00:22]} Bg4 {[%emt 0:00:08]} 8.
Be3 {[%emt 0:00:20]} Bg7 {[%emt 0:00:09]} 9. h3 {[%emt 0:00:49]} Bxf3 { [%emt
0:00:12]} 10. Qxf3 {[%emt 0:00:02]} Nc6 {[%emt 0:00:10]} 11. Rd1 { [%emt
0:00:33]} O-O {[%emt 0:00:10]} 12. c5 {[%emt 0:00:00]} dxc5 {[%emt 0:00:20]}
13. dxc5 {[%emt 0:00:08]} Nd7 {[%emt 0:00:02]} 14. Bb5 {[%emt 0:01:28]} Nde5
{[%emt 0:00:23]} 15. Qe4 {[%emt 0:00:31]} Qa5 {[%emt 0:00:19]} 16. O-O { [%emt
0:01:02]} Rad8 {[%emt 0:00:22]} 17. Bxc6 {[%emt 0:00:50]} Nxc6 {[%emt 0:00:13]}
18. Nd5 {[%emt 0:01:09]} e6 {[%emt 0:00:36]} 19. Ra1 {[%emt 0:00:00]} Rxd5
{[%emt 0:00:10]} 0-1

[Event "DSJ Weihnachtsturnier U20 2020"]
[Site "https://play.chessbase.com/en/play?room=DSJWeihnachtU20"]
[Date "2020.12.29"]
[Round "7"]
[White "Willberg, Marek"]
[Black "Schubert, Stanislav"]
[Result "1-0"]
[Termination "normal"]
[Board "19.4"]
[WhiteElo "1386"]
[BlackElo "1658"]
[WhiteTeam "VfB Schach Leipzig"]
[BlackTeam "SC Windischeschenbach"]
[PlyCount "103"]
[WhiteFideId "16224027"]
[BlackFideId "16202660"]
[EventRounds "7"]
[EventType "team-swiss"]
[EventDate "2020.12.29"]

1. c4 {[%emt 0:00:06]} e6 {[%emt 0:00:15]} 2. Nc3 {[%emt 0:00:06]} Nf6 { [%emt
0:00:29]} 3. g3 {[%emt 0:00:18]} Be7 {[%emt 0:00:19]} 4. Bg2 {[%emt 0:00:12]}
d5 {[%emt 0:00:22]} 5. cxd5 {[%emt 0:00:10]} exd5 {[%emt 0:00:08]} 6. d3 {
[%emt 0:00:03]} O-O {[%emt 0:00:07]} 7. Bf4 {[%emt 0:00:09]} Bf5 {[%emt
0:00:10]} 8. Qb3 {[%emt 0:00:10]} Bc8 {[%emt 0:00:28]} 9. Nxd5 {[%emt 0:00:07]}
Nxd5 {[%emt 0:00:05]} 10. Qxd5 {[%emt 0:00:14]} Qxd5 {[%emt 0:00:03]} 11. Bxd5
{ [%emt 0:00:02]} c6 {[%emt 0:00:03]} 12. Bg2 {[%emt 0:00:03]} Nd7 {[%emt
0:00:10]} 13. Nf3 {[%emt 0:00:03]} Nb6 {[%emt 0:00:07]} 14. O-O {[%emt
0:00:07]} Bf6 {[%emt 0:00:02]} 15. Rab1 {[%emt 0:00:06]} Be6 {[%emt 0:00:02]}
16. b3 { [%emt 0:00:12]} Rad8 {[%emt 0:00:08]} 17. Rfc1 {[%emt 0:00:47]} Nd5
{[%emt 0:00:05]} 18. Bd2 {[%emt 0:00:05]} Rd7 {[%emt 0:00:17]} 19. Ng5 {[%emt
0:00:27]} Bf5 {[%emt 0:00:17]} 20. e4 {[%emt 0:00:08]} h6 {[%emt 0:00:44]} 21.
Nf3 { [%emt 0:00:18]} Bg6 {[%emt 0:00:45]} 22. exd5 {[%emt 0:00:09]} Rxd5
{[%emt 0:00:02]} 23. Ne1 {[%emt 0:00:29]} Rd7 {[%emt 0:00:30]} 24. Bc3 {[%emt
0:00:15]} Bg5 {[%emt 0:00:04]} 25. Rd1 {[%emt 0:00:10]} Bh5 {[%emt 0:00:06]}
26. Bf3 { [%emt 0:00:02]} Bg6 {[%emt 0:00:09]} 27. Rb2 {[%emt 0:00:15]} Rfd8
{[%emt 0:00:04]} 28. Be2 {[%emt 0:00:18]} Re8 {[%emt 0:00:22]} 29. f4 {[%emt
0:00:09]} Bd8 {[%emt 0:00:05]} 30. d4 {[%emt 0:00:38]} Bb6 {[%emt 0:00:06]} 31.
Bg4 {[%emt 0:00:08]} Rde7 {[%emt 0:00:03]} 32. Kg2 {[%emt 0:00:18]} Re4 {[%emt
0:00:47]} 33. Nf3 {[%emt 0:00:26]} Re2+ {[%emt 0:00:15]} 34. Rxe2 {[%emt
0:00:04]} Rxe2+ { [%emt 0:00:03]} 35. Kf1 {[%emt 0:00:07]} Rxa2 {[%emt
0:00:08]} 36. Rd2 { [%emt 0:00:30]} Rxd2 {[%emt 0:00:24]} 37. Bxd2 {[%emt
0:00:13]} Be4 {[%emt 0:00:07]} 38. Bc3 {[%emt 0:00:06]} f5 {[%emt 0:00:15]} 39.
Nd2 {[%emt 0:00:26]} Bd3+ {[%emt 0:00:09]} 40. Be2 {[%emt 0:00:02]} Bc2 {[%emt
0:00:16]} 41. Kf2 { [%emt 0:00:14]} Kf7 {[%emt 0:00:14]} 42. Ke3 {[%emt
0:00:05]} Kf6 {[%emt 0:00:13]} 43. Bd3 {[%emt 0:00:15]} Bd1 {[%emt 0:00:05]}
44. b4 {[%emt 0:00:22]} g5 { [%emt 0:00:14]} 45. fxg5+ {[%emt 0:00:09]} hxg5
{[%emt 0:00:14]} 46. Nc4 { [%emt 0:00:05]} Bc7 {[%emt 0:00:03]} 47. d5+ {[%emt
0:00:08]} Kg6 {[%emt 0:00:32]} 48. d6 {[%emt 0:00:06]} Bd8 {[%emt 0:00:06]} 49.
Ne5+ {[%emt 0:00:24]} Kh5 {[%emt 0:00:20]} 50. Be2+ {[%emt 0:00:08]} g4 {[%emt
0:00:06]} 51. Bxd1 { [%emt 0:00:05]} Bg5+ {[%emt 0:00:04]} 52. Kf2 {[%emt
0:00:06]} 1-0

[Event "DSJ Weihnachtsturnier U20 2020"]
[Site "https://play.chessbase.com/en/play?room=DSJWeihnachtU20"]
[Date "2020.12.29"]
[Round "7"]
[White "Ruff, Korbinian"]
[Black "Poggemann, Alexander"]
[Result "0-1"]
[Termination "normal"]
[Board "20.1"]
[WhiteElo "1469"]
[BlackElo "1813"]
[WhiteTeam "SGem Aschheim/Feldkirchen/Kirchheim 2"]
[BlackTeam "Schachverein Hemer 1932 2"]
[PlyCount "82"]
[WhiteFideId "34607838"]
[BlackFideId "16224167"]
[EventRounds "7"]
[EventType "team-swiss"]
[EventDate "2020.12.29"]

1. d4 {[%emt 0:00:03]} Nf6 {[%emt 0:00:07]} 2. c4 {[%emt 0:00:00]} g6 {[%emt
0:00:02]} 3. f3 {[%emt 0:00:01]} Bg7 {[%emt 0:00:01]} 4. e4 {[%emt 0:00:01]} d6
{ [%emt 0:00:01]} 5. Bd3 {[%emt 0:00:02]} O-O {[%emt 0:00:01]} 6. Ne2 {[%emt
0:00:02]} e6 {[%emt 0:00:05]} 7. O-O {[%emt 0:00:02]} Nc6 {[%emt 0:00:01]} 8.
Be3 {[%emt 0:00:02]} b6 {[%emt 0:00:01]} 9. a3 {[%emt 0:00:03]} Bb7 {[%emt
0:00:02] } 10. Nbc3 {[%emt 0:00:16]} Nd7 {[%emt 0:00:09]} 11. Qd2 {[%emt
0:00:13]} e5 { [%emt 0:00:10]} 12. d5 {[%emt 0:00:04]} Nd4 {[%emt 0:00:02]} 13.
b4 {[%emt 0:00:11]} Nb3 {[%emt 0:01:31]} 14. Qc2 {[%emt 0:00:05]} Nxa1 {[%emt
0:00:02]} 15. Rxa1 {[%emt 0:00:00]} a5 {[%emt 0:00:08]} 16. b5 {[%emt 0:00:02]}
Nc5 {[%emt 0:00:14]} 17. Bxc5 {[%emt 0:00:01]} dxc5 {[%emt 0:00:08]} 18. Ng3
{[%emt 0:00:06] } Qg5 {[%emt 0:00:16]} 19. Rf1 {[%emt 0:00:13]} Qe3+ {[%emt
0:00:06]} 20. Kh1 { [%emt 0:00:04]} h5 {[%emt 0:00:06]} 21. Nd1 {[%emt
0:00:27]} Qg5 {[%emt 0:00:04]} 22. Ne2 {[%emt 0:00:03]} h4 {[%emt 0:00:03]} 23.
f4 {[%emt 0:00:02]} exf4 {[%emt 0:00:11]} 24. Nxf4 {[%emt 0:00:03]} Rae8 {[%emt
0:00:03]} 25. Ne3 { [%emt 0:00:05]} Be5 {[%emt 0:00:17]} 26. Qf2 {[%emt
0:00:04]} Bc8 {[%emt 0:00:17]} 27. Be2 {[%emt 0:00:21]} Bxf4 {[%emt 0:00:08]}
28. Qxf4 {[%emt 0:00:01]} Qxf4 {[%emt 0:00:01]} 29. Rxf4 {[%emt 0:00:00]} Re5
{[%emt 0:00:04]} 30. Rxh4 { [%emt 0:00:04]} Rfe8 {[%emt 0:00:13]} 31. Bf3
{[%emt 0:00:06]} Kg7 {[%emt 0:00:08]} 32. a4 {[%emt 0:00:09]} g5 {[%emt
0:00:10]} 33. Rh5 {[%emt 0:00:05]} Kg6 { [%emt 0:00:15]} 34. h4 {[%emt
0:00:03]} g4 {[%emt 0:00:09]} 35. Rxe5 {[%emt 0:00:04]} Rxe5 {[%emt 0:00:03]}
36. Bxg4 {[%emt 0:00:10]} Bxg4 {[%emt 0:00:21]} 37. Nxg4 {[%emt 0:00:00]} Rxe4
{[%emt 0:00:00]} 38. h5+ {[%emt 0:00:01]} Kg5 { [%emt 0:00:12]} 39. Nf2 {[%emt
0:00:19]} Rxc4 {[%emt 0:00:09]} 40. g4 {[%emt 0:00:01]} Rxa4 {[%emt 0:00:05]}
41. Ne4+ {[%emt 0:00:05]} Rxe4 {[%emt 0:00:05] Aschhm2-001 gibt auf} 0-1

[Event "DSJ Weihnachtsturnier U20 2020"]
[Site "https://play.chessbase.com/en/play?room=DSJWeihnachtU20"]
[Date "2020.12.29"]
[Round "7"]
[White "Mai, Artur"]
[Black "Müller, Fabian"]
[Result "1-0"]
[Termination "normal"]
[Board "20.2"]
[WhiteElo "1737"]
[BlackElo "964"]
[WhiteTeam "Schachverein Hemer 1932 2"]
[BlackTeam "SGem Aschheim/Feldkirchen/Kirchheim 2"]
[PlyCount "23"]
[WhiteFideId "16206851"]
[BlackFideId "34607846"]
[EventRounds "7"]
[EventType "team-swiss"]
[EventDate "2020.12.29"]

1. e4 {[%emt 0:00:05]} e6 {[%emt 0:00:02]} 2. d4 {[%emt 0:00:18]} d5 {[%emt
0:00:05]} 3. Nc3 {[%emt 0:00:03]} Nf6 {[%emt 0:00:03]} 4. e5 {[%emt 0:00:03]}
Nfd7 {[%emt 0:00:02]} 5. Nf3 {[%emt 0:00:01]} c5 {[%emt 0:00:02]} 6. dxc5 {
[%emt 0:00:00]} Bxc5 {[%emt 0:00:04]} 7. Bd3 {[%emt 0:00:02]} Nc6 {[%emt
0:00:04]} 8. Bf4 {[%emt 0:00:02]} O-O {[%emt 0:00:11]} 9. Bxh7+ {[%emt
0:00:02]} Kxh7 {[%emt 0:00:03]} 10. Ng5+ {[%emt 0:00:01]} Kg8 {[%emt 0:00:03]}
11. Qh5 { [%emt 0:00:04]} f6 {[%emt 0:00:06]} 12. Qh7# {[%emt 0:00:03]} 1-0

[Event "DSJ Weihnachtsturnier U20 2020"]
[Site "https://play.chessbase.com/en/play?room=DSJWeihnachtU20"]
[Date "2020.12.29"]
[Round "7"]
[White "Zurbuchen, Felix"]
[Black "Jagodzinsky, Lukas"]
[Result "1-0"]
[Termination "normal"]
[Board "20.3"]
[WhiteElo "1378"]
[BlackElo "1216"]
[WhiteTeam "SGem Aschheim/Feldkirchen/Kirchheim 2"]
[BlackTeam "Schachverein Hemer 1932 2"]
[PlyCount "59"]
[BlackFideId "16233255"]
[EventRounds "7"]
[EventType "team-swiss"]
[EventDate "2020.12.29"]

1. e4 {[%emt 0:00:12]} e6 {[%emt 0:00:04]} 2. d4 {[%emt 0:00:02]} d5 {[%emt
0:00:04]} 3. exd5 {[%emt 0:00:01]} exd5 {[%emt 0:00:04]} 4. Nf3 {[%emt
0:00:01]} Nf6 {[%emt 0:00:03]} 5. Bd3 {[%emt 0:00:02]} c5 {[%emt 0:00:22]} 6.
dxc5 { [%emt 0:00:09]} Bxc5 {[%emt 0:00:09]} 7. O-O {[%emt 0:00:02]} O-O {[%emt
0:00:04]} 8. Bg5 {[%emt 0:00:03]} Be6 {[%emt 0:00:09]} 9. Nbd2 {[%emt 0:00:13]}
Nc6 {[%emt 0:00:19]} 10. h3 {[%emt 0:00:04]} h6 {[%emt 0:00:07]} 11. Bh4 {[%emt
0:00:05]} Re8 {[%emt 0:00:25]} 12. c3 {[%emt 0:00:03]} a6 {[%emt 0:00:50]} 13.
Re1 {[%emt 0:00:17]} Qe7 {[%emt 0:00:40]} 14. Nb3 {[%emt 0:00:08]} Bb6 { [%emt
0:00:13]} 15. Nbd4 {[%emt 0:00:19]} Nxd4 {[%emt 0:00:34]} 16. Nxd4 { [%emt
0:00:04]} Bxd4 {[%emt 0:00:07]} 17. cxd4 {[%emt 0:00:02]} Rac8 {[%emt 0:00:36]
Hemer2-003 offers a draw} 18. Qf3 {[%emt 0:00:49]} Rc7 {[%emt 0:01:05]} 19. Bg3
{[%emt 0:00:14]} Rcc8 {[%emt 0:00:07]} 20. Bf4 {[%emt 0:00:12]} Nh5 { [%emt
0:01:11]} 21. Qxh5 {[%emt 0:00:09]} Qf6 {[%emt 0:00:21]} 22. Be5 { [%emt
0:00:12]} Qe7 {[%emt 0:00:31]} 23. Re3 {[%emt 0:00:11]} f6 {[%emt 0:00:18]} 24.
Qg6 {[%emt 0:01:08]} fxe5 {[%emt 0:00:14]} 25. Qh7+ {[%emt 0:00:05]} Kf7 {[%emt
0:00:09]} 26. Rf3+ {[%emt 0:00:03]} Qf6 {[%emt 0:00:03]} 27. Rxf6+ { [%emt
0:00:03]} Kxf6 {[%emt 0:00:02]} 28. Qg6+ {[%emt 0:00:04]} Ke7 {[%emt 0:00:03]}
29. Qxg7+ {[%emt 0:00:03]} Kd6 {[%emt 0:00:10]} 30. Qxe5+ {[%emt 0:00:03]} 1-0